000
002530000a22001210004500
041
0
_a
eng
082
0
4
_a
CD 066
110
1
_a
BiemStemra
245
1
0
_a
Relaxation nature / BiemStemra
505
0
0
_a
Música naturaleza CD Nº 3
001
1067
942
_c
LGB
999
_c
48243
_d
48243